LIBRARY & INFORMATION CENTRE, KCAET, TAVANUR

ONLINE PUBLIC ACCESS CATALOGUE (OPAC)

China munnottu / (Record no. 6346)

MARC details
000 -LEADER
fixed length control field 00410cam a2200169ua 4500
041 ## - LANGUAGE CODE
Language code of text/sound track or separate title mal
082 ## - DEWEY DECIMAL CLASSIFICATION NUMBER
Classification number 951
Item number JOS/CH
100 ## - MAIN ENTRY--AUTHOR NAME
Personal name Joseph, Mundasseri .
245 ## - TITLE STATEMENT
Title China munnottu /
260 ## - PUBLICATION, DISTRIBUTION, ETC. (IMPRINT)
Place of publication Thrissur :
Name of publisher Mangalodhayam pvt ltd ,
Year of publication 1961.
300 ## - PHYSICAL DESCRIPTION
Number of Pages 261 ; .
942 ## - ADDED ENTRY ELEMENTS (KOHA)
Koha item type Books
Holdings
Withdrawn status Lost status Damaged status Home library Current library Date acquired Full call number Accession Number Koha item type
Withdrawn     KAUAET Malayalam University 07/04/2012 951 9388 Books
free website counter